|
|
|
|
| LEADER |
00000nam0a2200000 4500 |
| 001 |
270658 |
| 005 |
20231101234350.0 |
| 020 |
|
|
|a RU
|b 86-78005
|
| 035 |
|
|
|a (RuTPU)RU\TPU\book\293839
|
| 090 |
|
|
|a 270658
|
| 100 |
|
|
|a 20140930d1986 k y0rusy5003 ca
|
| 101 |
0 |
|
|a rus
|
| 102 |
|
|
|a RU
|
| 105 |
|
|
|a a z 001zy
|
| 200 |
1 |
|
|a Теплообмен при смешанной турбулентной конвекции
|f Б. С. Петухов, А. Ф. Поляков
|g Академия наук СССР (АН СССР), Институт высоких температур (ИВТ)
|
| 210 |
|
|
|a Москва
|c Наука
|d 1986
|
| 215 |
|
|
|a 192 с.
|c ил.
|
| 320 |
|
|
|a Библиогр.: с. 185-191
|
| 606 |
1 |
|
|a Теплообмен конвективный
|2 stltpush
|3 (RuTPU)RU\TPU\subj\59764
|9 77263
|
| 610 |
1 |
|
|a турбулентность
|
| 610 |
1 |
|
|a турбулентное течение
|
| 610 |
1 |
|
|a ламинарное движение
|
| 610 |
1 |
|
|a пограничный слой
|
| 610 |
1 |
|
|a однофазные жидкости
|
| 675 |
|
|
|a 536.252
|z rus
|v 3
|
| 700 |
|
1 |
|a Петухов
|b Б. С.
|4 070
|
| 701 |
|
1 |
|a Поляков
|b А. Ф.
|4 070
|
| 712 |
0 |
2 |
|a Академия наук СССР (АН СССР)
|b Институт высоких температур (ИВТ)
|c (Москва)
|2 stltpush
|3 (RuTPU)RU\TPU\col\12055
|
| 801 |
|
0 |
|a RU
|b RuMRKP
|c 19950704
|g psbo
|
| 801 |
|
1 |
|a RU
|b 63413507
|c 20140930
|
| 801 |
|
2 |
|a RU
|b 63413507
|c 20161206
|g RCR
|
| 942 |
|
|
|c BK
|